| 000 | 00824nam a2200265 i 4500 | ||
|---|---|---|---|
| 001 | bg | ||
| 100 | 1 | _aMORRISON, Robert Thornton. | |
| 245 | 0 | 0 |
_aChemia organiczna. _nT. 1 / _cRobert Thornton Morrison, Robert Neilson Boyd ; [tł. Wiesław Antkowiak i in.]. |
| 246 |
_iTyt. oryg.: _aOrganic chemistry |
||
| 250 | _aWyd. 3. | ||
| 260 |
_aWarszawa : _bWydaw. Naukowe PWN, _c1994. |
||
| 300 |
_a966 s. : _brys. ; _c25 cm. |
||
| 500 | _aOryg. "Organic chemistry" 1973. | ||
| 650 | 9 | _aChemia organiczna | |
| 655 | _aPodręczniki akademickie | ||
| 700 | 1 | _aBOYD, Robert Neilson. | |
| 700 | 1 |
_aANTKOWIAK, Wiesław. _eTł. |
|
| 020 | _a8301041668 (t.1/2) | ||
| 040 | _cBPK | ||
| 041 | 1 |
_apl _hen |
|
| 080 | _a547(075.8) | ||
| 920 | _a83-01-04166-8 (t.1/2) | ||
| 942 | _cKS | ||
| 008 | s pl f |000 0 pol | ||
| 999 |
_c30319 _d30319 |
||
| 856 |
_uhttp://koha.tu.koszalin.pl/cgi-bin/koha/opac-detail.pl?biblionumber=30319 _yKatalog online BPK |
||